| 000 | 00817nam0a22002291 4500 | ||
|---|---|---|---|
| 001 | rc\2637715 | ||
| 005 | 20110602150023.7 | ||
| 035 | _a(NLR Aleph) 006945860 | ||
| 090 |
_a5198252 _c5198252 |
||
| 100 | _a20110602d1928 |||y0rusy50 ca | ||
| 101 | 0 | _arus | |
| 102 | _aRU | ||
| 105 | _ay z ||||| | ||
| 200 | 1 |
_aВыходы шпал из здорового и фаутного леса _e(Северное Опытное Лесничество) |
|
| 210 |
_a[Москва] _cБ. и. _d[1928] |
||
| 300 | _aВ кн.: Труды по лесному опытному делу. Вып. 5 (69). М., 1928, с. 117-150 | ||
| 700 | 1 |
_aАлексеев _bС. В. _f-1958 _gСергей Венедиктович |
|
| 801 | 0 |
_aRU _bNLR _gpsbo |
|
| 801 | 1 |
_aRU _bELAR _2rusmarc |
|
| 852 |
_aNLR _j37.5.4.35 |
||
| 942 | _cBOOK | ||
| 980 | _aNB | ||